| 000 | 01935cam a2200397 a 4500 | ||
|---|---|---|---|
| 001 | 38262 | ||
| 005 | 20230410101649.0 | ||
| 008 | 060719s2007 mdu b 001 0 eng | ||
| 035 | _a14459797 | ||
| 925 | 0 |
_aacquire _b2 shelf copies _xpolicy default |
|
| 942 |
_2lcc _cbk |
||
| 010 | _a 2006023838 | ||
| 020 | _a0742538303 (cloth : alk. paper) | ||
| 020 | _a9780742538306 (cloth : alk. paper) | ||
| 020 | _a0742538311 (pbk. : alk. paper) | ||
| 020 | _a9780742538313 (pbk. : alk. paper) | ||
| 035 | _a(OCoLC)ocm70707801 | ||
| 040 |
_aDLC _cDLC _dBAKER _dC#P _dYDXCP _dDLC |
||
| 043 | _anwht--- | ||
| 050 | 1 | 4 |
_a110 F 1928.2 _bD945p 2007 |
| 082 | 0 | 0 | _a972.9407/3 |
| 100 | 1 | _aDupuy, Alex. | |
| 245 | 1 | 4 |
_aThe prophet and power : _bJean-Bertrand Aristide, the international community, and Haiti / _cAlex Dupuy. |
| 260 |
_aLanham : _bRowman & Littlefield Publishers, Inc., _cc2007. |
||
| 300 |
_axvii, 239 p. ; _c24 cm. |
||
| 440 | 0 | _aCritical currents in Latin American perspective | |
| 504 | _aIncludes bibliographical references (p. 207-226) and index. | ||
| 505 | 0 | _aGlobalization, the "new world order imperialism," and Haiti -- Before Aristide : class power, state power, and the Duvalier dictatorships, 1957-1990 -- The prophet armed : the popular movement for democracy and the rise of Jean-Bertrand Aristide -- The prophet disarmed : the first Lavalas government and its overthrow -- The prophet checkmated : the political opposition and the low-intensity war against Aristide -- The prophet banished : the second overthrow of Aristide and the pacification of Haiti. | |
| 651 | 0 |
_aHaiti _xPolitics and government _y1986- |
|
| 600 | 1 | 0 | _aAristide, Jean-Bertrand. |
| 650 | 0 |
_aDemocratization _zHaiti _xHistory. |
|
| 650 | 0 |
_aSocial change _zHaiti _xHistory. |
|
| 650 | 4 | _aCEH | |
| 650 | 4 | _aColección Estudios Haitianos | |
| 856 | 4 | 1 |
_3Table of contents only _uhttp://www.loc.gov/catdir/toc/ecip0617/2006023838.html |
| 999 |
_c11802 _d11802 |
||